Pavla Kováčová

Bibliographic Details
Format: Book
Language:Slovak
PhysicalDescription:21x10,5 cm
Published: Veľký Krtíš Hontiansko-novohradská knižnica A. H. Škultétyho 1998
Subjects:

MARC

LEADER 00000nam a2200000 a 4500
001 vtls001329052
003 SK-MaSNL
005 20260301235641.0
008 160322sm y0 xo rb b 0 slo
015 |a SNBSAB1998-00007 
035 |a SNK000281889 
040 |a SNK  |b slo  |c SNK  |e AACR2 
041 0 |a slo 
044 |a xo  |c SK 
080 |a 82:929:885.4:012  |2 1981 
080 |a 885.4  |2 1981 
080 |a 012  |2 1981 
080 |a 929 Kováčová, Pavla  |2 1981 
245 1 |a Pavla Kováčová 
260 |a Veľký Krtíš  |b Hontiansko-novohradská knižnica A. H. Škultétyho  |c 1998 
300 |c 21x10,5 cm 
504 |a Lit. 8 zázn. o kn. v slov 
600 1 |a Kováčová, Pavla,  |d 1931-2014  |2 SNK  |9 168061 
655 7 |a neperiodické bibliografie  |2 SNK  |9 60408 
958 |a RM 
958 |a BX 
958 |a SF 
999 |c 976015  |d 977945 
952 |t P60, <04>, [BOOK], {604}  |a SNK  |b SNK  |y VYP  |7 0  |p 17A0139891  |o snkOSC 19653 D1  |i snkKSP 4708/98  |0 0  |1 0  |4 0  |d 1998-04-29  |l 0  |r 2005-01-02 00:00:00  |w 2026-02-24 
952 |t P60, <03>, [BOOK], {603}  |a SNK  |b SNK  |y PREZ  |7 0  |o snkOSC 19653  |i snkKSP 4707/98  |0 0  |1 0  |4 0  |d 1998-04-29  |l 0  |r 2005-01-02 00:00:00  |w 2026-02-24